| 000 | 00668pam a2200229 a 4500 | ||
|---|---|---|---|
| 001 | 563856 | ||
| 005 | 20180109072628.0 | ||
| 008 | 890721s1989 enka b 001 0 eng | ||
| 010 | _a 89017098 | ||
| 020 |
_a1852780134 : _c$50.00 (U.S. : est.) |
||
| 040 |
_aDLC _cDLC _dDLC |
||
| 041 | _aeng | ||
| 080 | _a330.15 PHE | ||
| 082 | 0 | 0 |
_a330.15 PHE _220 |
| 100 | _a52 | ||
| 101 | _aEKO | ||
| 245 | 0 | 0 |
_aNew directions in post-Keynesian economics / _cedited by John Pheby. |
| 504 | _aIncludes bibliographical references (p. 228-266) and indexes. | ||
| 740 | 0 | _aPost-Keynesian economics. | |
| 906 |
_a7 _bcbc _corignew _d1 _eocip _f19 _gy-gencatlg |
||
| 942 |
_2ddc _cBK |
||
| 999 |
_c39910 _d39910 |
||